000 00603nam a22001697a 4500
020 _a978-969-35-2744-5
082 _a891.4394
_bTAH
100 _aDoctor Saadia Tahir
245 _aDoctor Wazir Agha aur Urdu Shayari ka Mizaj/
260 _aLahore:
_bSang-e-Meel Publications,
_c2014.
300 _a472 p.
_c24cm.
563 _aHB.
880 _6100-01\(3\r
_aڈاکٹرسعدیہ طاہر
880 _6245-02\(03\r
_aڈاکٹر وزیر آغا اور اُردو شاعری کا مزاج
880 _6260-03\(03\r
_aلاہور:
_bسنگِ میل پبلیکیشنز
_c2014.
942 _2ddc
_cBK
999 _c614304
_d614304